Economía feminista (Registro nro. 640)
[ vista simple ]
| 000 -LEADER | |
|---|---|
| fixed length control field | 02080 a2200217 4500 |
| 001 - CONTROL NUMBER | |
| control field | 15246 |
| 005 - DATE AND TIME OF LATEST TRANSACTION | |
| control field | 20260407155449.0 |
| 008 - FIXED-LENGTH DATA ELEMENTS--GENERAL INFORMATION | |
| fixed length control field | 260407a2012 arg spa d |
| 003 - CONTROL NUMBER IDENTIFIER | |
| control field | AR-UNSa-BCEJYS |
| 040 ## - CATALOGING SOURCE | |
| Original cataloging agency | AR-UNSa-BCEJYS |
| Language of cataloging | spa |
| Transcribing agency | AR-UNSa-BCEJYS |
| 080 ## - UNIVERSAL DECIMAL CLASSIFICATION NUMBER | |
| Universal Decimal Classification number | 330.8 |
| Common auxiliary subdivision | Historia de las teorías, Doctrinas, Dogmas económicos (pensamiento económico) |
| 020 ## - INTERNATIONAL STANDARD BOOK NUMBER | |
| International Standard Book Number | 978-987-1436-66-8 |
| 100 1# - MAIN ENTRY--PERSONAL NAME | |
| Personal name | Perona, B. Eugenia |
| 245 10 - TITLE STATEMENT | |
| Title | Economía feminista |
| Name of part/section of a work | ensayos sobre el papel de la mujer en la economía, la educación y el desarrollo |
| 264 #1 - PRODUCTION, PUBLICATION, DISTRIBUTION, MANUFACTURE, AND COPYRIGHT NOTICE | |
| Place of production, publication, distribution, manufacture | Córdoba : |
| Name of producer, publisher, distributor, manufacturer | Asociación Cooperadora de la Facultad de Ciencias Económicas de la Universidad Nacional de Córdoba. |
| Date of production, publication, distribution, manufacture, or copyright notice | 2012 |
| 300 ## - PHYSICAL DESCRIPTION | |
| Extent | 306 p. |
| Dimensions | 21 cm. |
| 505 ## - FORMATTED CONTENTS NOTE | |
| Formatted contents note | 1. ¿Qué es la economía feminista? - 2. La economía feminista como una nueva forma de pensamiento - 3. Feminización de la educación superior en las Ciencias Económicas: un estudio de casos - 4. Aspectos institucionales del personal investigador en las Ciencias Económicas y el programa de incentivos docentes - 5. Docentes en Ciencias Económicas en la Universidad Nacional de La Rioja: análisis de algunos aspectos cualitativos - 6. ¿Perspectiva de género para el presupuesto universitario en Argentina? - 7. Feminización de la matrícula y el egreso en la Universidad Nacional de Córdoba - 8. La familia y la mujer rural en el sudeste de la provincia de Córdoba frente a la transformación tecnológica del sector agropecuario - 9. Marketing de género: una perspectiva particular - 10. Mujeres micro-emprendedoras en Córdoba: motivaciones y tipología - 11. Ecofeminismo, activismo y la lucha por la supervivencia de las pequeñas explotaciones familiares en Canadá. El país del norte frente a la agricultura global y una comparación con el caso argentino - 12. ¿Es viable una asociación entre desarrollo y género? Un estudio aplicado a Canadá y Argentina |
| 590 ## - LOCAL NOTE (RLIN) | |
| Local note | niveau_biblio:m niveau_hierar:0 |
| 856 41 - ELECTRONIC LOCATION AND ACCESS | |
| Uniform Resource Identifier | <a href="https://biblioeco.unsa.edu.ar/pmb/images/libros/Economia Feministra-l119021.jpg">https://biblioeco.unsa.edu.ar/pmb/images/libros/Economia Feministra-l119021.jpg</a> |
| Link text | Imagen de portada |
| Electronic format type | image/jpeg |
| 942 ## - ADDED ENTRY ELEMENTS (KOHA) | |
| Koha item type | |
| Withdrawn status | Lost status | Damaged status | Not for loan | Home library | Current library | Shelving location | Date acquired | Total checkouts | Full call number | Barcode | Date last seen | Price effective from | Koha item type |
|---|---|---|---|---|---|---|---|---|---|---|---|---|---|
| Biblioteca Prof. Eusebio Cleto del Rey | Biblioteca Prof. Eusebio Cleto del Rey | 07/04/2026 | 330.8 P453 | L119021 | 07/04/2026 | 07/04/2026 | Libro |